000 01235nam a2200217Ia 4500
003 Ost
005 20260507075352.0
008 260507s9999||||xx |||||||||||||| ||und||
020 _a32134229779
040 _cfsecg
041 _aara
082 _a330
100 _aالنجار، فريد راغب محمد
_eمؤلف
245 0 _aإعادة هندسة الإئتمان بالبنوك :
_bنهاية القروض المصرفية المتعثرة /
_c فريد راغب محمد النجار
260 _aالإسكندرية:
_bالدار الجامعية,
_c2011
300 _a303 صفحة؛
_bإيضاحات ؛
_c24 سم
520 _aالسياسات الائتمانية للبنوك- مشاكل القروض المصرفية المتعثرة- تراكم القروض المصرفية المتعثرة- مخاطر القروض المصرفية المتعثرة- نمادج إدارة القروض المصرفية المتعثرة- سياسات التعامل مع القروض المصرفية المتعثرة- حالات و تطبيقات عملية في ادارة القروض المصرفية المتعثرة
653 _aالقروض المصرفية
653 _aبنوك الإئتمان
942 _cكتاب
999 _c44147
_d44147